<?xml version="1.0" encoding="UTF-8"?>
<record
    xmlns:xsi="http://www.w3.org/2001/XMLSchema-instance"
    xsi:schemaLocation="http://www.loc.gov/MARC21/slim http://www.loc.gov/standards/marcxml/schema/MARC21slim.xsd"
    xmlns="http://www.loc.gov/MARC21/slim">

  <leader>00529nam a22001577a 4500</leader>
  <controlfield tag="008">230815b        |||||||| |||| 00| 0 eng d</controlfield>
  <datafield tag="020" ind1=" " ind2=" ">
    <subfield code="a">978-0802864581</subfield>
  </datafield>
  <datafield tag="050" ind1=" " ind2=" ">
    <subfield code="a">BT821.3</subfield>
    <subfield code="b">.M44 2018</subfield>
  </datafield>
  <datafield tag="100" ind1=" " ind2=" ">
    <subfield code="a">McDowell, John C.</subfield>
  </datafield>
  <datafield tag="245" ind1=" " ind2=" ">
    <subfield code="a">Eschatology</subfield>
    <subfield code="c">John C. McDowell and Scott A. Kirkland</subfield>
  </datafield>
  <datafield tag="260" ind1=" " ind2=" ">
    <subfield code="a">Grand Rapids, Michigan</subfield>
    <subfield code="b">William B. Berdmans publishing Company</subfield>
    <subfield code="c">2018</subfield>
  </datafield>
  <datafield tag="300" ind1=" " ind2=" ">
    <subfield code="a">xiii, 151p.</subfield>
    <subfield code="b">Includesbibliographical references and index</subfield>
  </datafield>
  <datafield tag="440" ind1=" " ind2=" ">
    <subfield code="a">Guides to theology</subfield>
  </datafield>
  <datafield tag="700" ind1=" " ind2=" ">
    <subfield code="a">Kirkland, Scott A.</subfield>
  </datafield>
  <datafield tag="942" ind1=" " ind2=" ">
    <subfield code="2">lcc</subfield>
    <subfield code="c">BK</subfield>
  </datafield>
  <datafield tag="999" ind1=" " ind2=" ">
    <subfield code="c">20233</subfield>
    <subfield code="d">20232</subfield>
  </datafield>
  <datafield tag="952" ind1=" " ind2=" ">
    <subfield code="0">0</subfield>
    <subfield code="1">0</subfield>
    <subfield code="2">lcc</subfield>
    <subfield code="7">0</subfield>
    <subfield code="a">KABU</subfield>
    <subfield code="b">KABU</subfield>
    <subfield code="d">2023-08-15</subfield>
    <subfield code="g">2200.00</subfield>
    <subfield code="i">0328/2022</subfield>
    <subfield code="l">0</subfield>
    <subfield code="o">BT821.3 .M44 2018 C.1</subfield>
    <subfield code="p">031760</subfield>
    <subfield code="r">2024-08-02 00:00:00</subfield>
    <subfield code="t">C.1</subfield>
    <subfield code="w">2023-08-15</subfield>
    <subfield code="y">BK</subfield>
  </datafield>
</record>
